Inspiration française dans le protestantisme hongrois IV. J.-F. Ostervald en Hongrie /

Elmentve itt :
Bibliográfiai részletek
Szerző: Pataky László
Dokumentumtípus: Cikk
Megjelent: 1929
Sorozat:Revue des études hongroises 7
Kulcsszavak:Ostervald Jean-Fréderic, Történelemtudomány, Egyháztörténet, Művelődés
Online Access:http://acta.bibl.u-szeged.hu/25392
LEADER 00713nab a2200181 i 4500
001 acta25392
005 20210720142745.0
008 161017s1929 hu o 0|| fre d
040 |a SZTE Egyetemi Kiadványok Repozitórium  |b hun 
041 |a fre 
041 |a hun 
100 1 |a Pataky László 
245 1 0 |a Inspiration française dans le protestantisme hongrois IV.   |h [elektronikus dokumentum] :  |b J.-F. Ostervald en Hongrie /  |c  Pataky László 
260 |c 1929 
300 |a 89-97 
490 0 |a Revue des études hongroises  |v 7 
695 |a Ostervald Jean-Fréderic, Történelemtudomány, Egyháztörténet, Művelődés 
856 4 0 |u http://acta.bibl.u-szeged.hu/25392/1/etudes_hongroises_007_089-097.pdf  |z Dokumentum-elérés